<?xml version="1.0" encoding="UTF-8"?>
<record
    xmlns:xsi="http://www.w3.org/2001/XMLSchema-instance"
    xsi:schemaLocation="http://www.loc.gov/MARC21/slim http://www.loc.gov/standards/marcxml/schema/MARC21slim.xsd"
    xmlns="http://www.loc.gov/MARC21/slim">

  <leader>01067nam a2200265 i 4500</leader>
  <controlfield tag="001">49037</controlfield>
  <controlfield tag="003">ES-MaACL</controlfield>
  <controlfield tag="005">20250919150713.0</controlfield>
  <controlfield tag="007">t|</controlfield>
  <controlfield tag="008">030707s1911    sp           ||||1| lat d</controlfield>
  <datafield tag="245" ind1="0" ind2="0">
    <subfield code="a">Corpus Juris Civilis.</subfield>
  </datafield>
  <datafield tag="260" ind1=" " ind2=" ">
    <subfield code="a">Berolini : </subfield>
    <subfield code="b">apud Weidmannos, </subfield>
    <subfield code="c">1911.</subfield>
  </datafield>
  <datafield tag="300" ind1=" " ind2=" ">
    <subfield code="a">3 v. ; </subfield>
    <subfield code="c">27 cm.</subfield>
  </datafield>
  <datafield tag="500" ind1=" " ind2=" ">
    <subfield code="a">Pertenecen a distintas ediciones.</subfield>
  </datafield>
  <datafield tag="505" ind1="8" ind2=" ">
    <subfield code="a">Contiene: V. I: Institutions recognovit / Paulus Krneger ; Digesta recognovit / Theodorus Mommsen ; Retractavit / Paulus Krneger. V. II: Codex justinianus recongovit / Paulus Krneger. V. III: Novellae recognovit / Rudolfus Schoell opus Schoellii morte interceptum absolvit Guillelmus Kroll</subfield>
  </datafield>
  <datafield tag="630" ind1="0" ind2="7">
    <subfield code="a">Corpus juris civilis.</subfield>
    <subfield code="p">Institutiones</subfield>
    <subfield code="2"></subfield>
    <subfield code="9">135271</subfield>
  </datafield>
  <datafield tag="630" ind1="0" ind2="4">
    <subfield code="a">Digesta.</subfield>
    <subfield code="9">149974</subfield>
  </datafield>
  <datafield tag="650" ind1="0" ind2="7">
    <subfield code="a">Derecho romano</subfield>
    <subfield code="2">embne</subfield>
    <subfield code="9">11764</subfield>
  </datafield>
  <datafield tag="700" ind1="1" ind2=" ">
    <subfield code="a">Krneger, Paulus.</subfield>
    <subfield code="9">68874</subfield>
  </datafield>
  <datafield tag="700" ind1="1" ind2=" ">
    <subfield code="a">Mommsen, Theodor, </subfield>
    <subfield code="d">1817-1903</subfield>
    <subfield code="9">82081</subfield>
  </datafield>
  <datafield tag="700" ind1="1" ind2=" ">
    <subfield code="a">Schoell, Rudolfus.</subfield>
    <subfield code="9">104602</subfield>
  </datafield>
  <datafield tag="700" ind1="1" ind2=" ">
    <subfield code="a">Kroll, Guillelmus.</subfield>
    <subfield code="9">68881</subfield>
  </datafield>
  <datafield tag="852" ind1=" " ind2=" ">
    <subfield code="a">ES-MaACL</subfield>
    <subfield code="j">B-5079-81</subfield>
  </datafield>
  <datafield tag="999" ind1=" " ind2=" ">
    <subfield code="c">49037</subfield>
    <subfield code="d">49037</subfield>
  </datafield>
  <datafield tag="952" ind1=" " ind2=" ">
    <subfield code="0">0</subfield>
    <subfield code="1">0</subfield>
    <subfield code="4">0</subfield>
    <subfield code="7">0</subfield>
    <subfield code="a">ATENEOM</subfield>
    <subfield code="b">ATENEOM</subfield>
    <subfield code="c">SPB</subfield>
    <subfield code="d">2008-01-17</subfield>
    <subfield code="e">SC</subfield>
    <subfield code="l">0</subfield>
    <subfield code="o">B-5079-81</subfield>
    <subfield code="p">1051607</subfield>
    <subfield code="r">2023-02-23 00:00:00</subfield>
    <subfield code="w">2023-02-23</subfield>
    <subfield code="y">MONOGRAFIA</subfield>
  </datafield>
</record>
